Lola - Superbus, paroles - Statistiques

Statistiques générales
  • Ce quiz a été pris 37 fois
  • Le résultat moyen est 77 sur 95
Statistiques - réponses
Hint Réponse % Correct
à
100%
Couplet 1 Allo
100%
Allo
100%
Refrain Allo
100%
Allo
100%
Couplet 2 Allo
100%
Allo
100%
Lola
100%
Lola
100%
Lola
100%
Lola
100%
Lola
100%
Lola
100%
Lola
100%
Lola
100%
Lola
100%
Lola
100%
Lola
100%
c'est
94%
C'est
94%
c'est
94%
c'est
94%
comme
94%
comme
94%
J'ai
94%
J'ai
94%
boom
88%
Boom
88%
boom
88%
boom
88%
boom
88%
Boom
88%
boom
88%
boom
88%
boom
88%
boom
88%
cœur
88%
encore
88%
et
88%
garçon
88%
garçon
88%
moi
88%
moi
88%
moi
88%
un
88%
un
88%
cheveux
84%
fait
84%
84%
la
84%
le
84%
les
84%
longs
84%
qui
84%
toi
84%
toi
84%
pas
78%
pas
78%
pas
78%
pas
78%
pas
78%
pensé
78%
fois
75%
me
75%
première
75%
que
75%
ne
72%
Ne
72%
ne
72%
oui
72%
pour
72%
pour
72%
tes
72%
beaucoup
69%
bien
69%
ma
69%
raccroche
69%
raccroche
69%
font
66%
yeux
66%
de
59%
Je
59%
Je
59%
osé
59%
holà
56%
jolie
56%
dans
53%
n'ai
53%
l'au-delà
50%
mets
50%
oh
50%
dormi
44%
n'en
44%
reviens
44%
lit
22%
Aucun quiz correspondant
Distribution des résultats
% des personnes avec chaque résultat
Percentile par nombre de réponses
Votre historique - résultats
Vous n’avez pas pris ce quiz